000 00241nam a2200097Ia 4500
008 240625s9999 xx 000 0 und d
041 _aeng
082 _a658.5 FIN
100 _aFINCH BYRON J
245 _aINTERCATIVE MODELS FOR OPERATIONS AND SU
999 _c33559
_d33559